| 000 | 01093naa a22003017a 4500 | ||
|---|---|---|---|
| 001 | BR8105158 | ||
| 003 | BR-BrBNA | ||
| 005 | 20240918174831.0 | ||
| 007 | ta | ||
| 008 | 230509b bl.||||| |||| 00| 0 por d | ||
| 040 |
_aBR-BrBNA _bpor _cBiblioteca Nacional de Agricultura |
||
| 041 | _a(Pt) | ||
| 072 |
_aP05; L36 _b3730 _b8954 |
||
| 090 | _aP05 BR8105158 | ||
| 100 | 1 | _aKuzhiparambil, P. | |
| 100 | 1 | _aPrakasan, G. | |
| 100 | 1 | _aMedeiros, J.X. | |
| 111 | 1 |
_a2. Congresso Brasileiro de Energia _cRio de Janeiro, RJ (Brazil) _dApr 1981 |
|
| 245 | 1 | _aProducao de proteina microbiana a partir de efluente de biodigestores [racao] | |
| 260 | 3 |
_aRio de Janeiro, RJ (Brasil): _c1981. |
|
| 500 | _aAnais do 2. Congresso Brasileiro de Energia Rio de Janeiro, RJ (Brasil): 1981. v. 1 p. 393-404 (BR8105158-AM)P05 | ||
| 650 | _aBIODIGESTOR | ||
| 650 | _aPROTEINA MICROBIANA | ||
| 650 | _aRACAO | ||
| 773 | 0 |
_tAnais do 2. Congresso Brasileiro de Energia _wP05 BR8105158 _gRio de Janeiro, RJ (Brasil), 1981. v. 1 p. 393-404 |
|
| 909 |
_a202404 _bLucia _c55 _dLucia Elande |
||
| 942 |
_cAM _2AGRIS |
||
| 999 |
_c313886 _d313886 |
||